Cloud computing (Record no. 5700)

MARC details
000 -LEADER
fixed length control field 00435nam a2200169Ia 4500
003 - CONTROL NUMBER IDENTIFIER
control field SGT
020 ## - INTERNATIONAL STANDARD BOOK NUMBER
International Standard Book Number 9789383746736
082 ## - DEWEY DECIMAL CLASSIFICATION NUMBER
Classification number 4.36
Item number PAN
100 ## - MAIN ENTRY--PERSONAL NAME
Personal name Panday,U.S
245 ## - TITLE STATEMENT
Title Cloud computing
260 ## - PUBLICATION, DISTRIBUTION, ETC. (IMPRINT)
Name of publisher, distributor, etc S.Chand & Company Ltd.
Place of publication, distribution, etc New Delhi
Year of Publication 2014
300 ## - PAGE DESCRIPTION
No. of Pages 390p.
650 ## - SUBJECT ADDED ENTRY--TOPICAL TERM
Topical term or geographic name as entry element COMPUTER SCIENCE
653 ## - KEYWORDS--INDEX TERM
Keyword term INTRODUCTION TO CLOUD COMPUTING, CLOUD COMPUTING TECHNOLOGIES
700 ## - ADDED ENTRY--PERSONAL NAME
Personal name Choudhary,Kavita
942 ## - ADDED ENTRY ELEMENTS (KOHA)
Source of classification or shelving scheme Dewey Decimal Classification
Koha item type Books
942 ## - ADDED ENTRY ELEMENTS (KOHA)
-- 2
Holdings
Withdrawn status Lost status Source of classification or shelving scheme Damaged status Use restrictions Not for loan Collection code Home library Current library Shelving location Date acquired SGTU Total Checkouts Full call number Accession No. (Barcode) Date last seen Date last borrowed Bill Date Koha item type
    Dewey Decimal Classification   Restricted Access Not For Loan ENGINEERING SGT Engineering Library SGT Engineering Library Reference Book 05/08/2014 SGTU 2 4.36 PAN FE6311 26/11/2024 24/10/2024 09/02/2015 Books